=LDR 00000nam 2200000 4500 =001 INLIS000000000043301 =005 20131008103042 =008 ***********************************ind** =035 ##$$0010-101300000001223 =041 ##$$a ind =082 ##$$a 691 =090 ##$$a 691, Unt k =100 ##$$a UNTUNG =245 ##$$a Konstruksi baja, Oentoeng =260 ##$$a 2004 $b Yogyakarta =300 ##$$a 328 hlm, ilus, 23 cm =650 ##$$a KONSTRUKSI BAJA =850 ##$$a NBPNMAT =990 ##$$a 0001/BPAP-NTB/2016